Normal view
MARC view
- تكنولوجيا التعليم
Entry Topical Term
001 - CONTROL NUMBER
- control field: 15783
003 - CONTROL NUMBER IDENTIFIER
- control field: JO-AjAnu
005 - DATE AND TIME OF LATEST TRANSACTION
- control field: 20230606072822.0
008 - FIXED-LENGTH DATA ELEMENTS
- fixed length control field: 230606|| aca||aabn | a|a d
040 ## - CATALOGING SOURCE
- Original cataloging agency: JO-AjAnu
- Transcribing agency: JO-AjAnu
150 ## - HEADING--TOPICAL TERM
- Topical term or geographic name entry element: تكنولوجيا التعليم
670 ## - SOURCE DATA FOUND
- Source citation: Work cat.: (JO-AjAnu)8105: المنظمة العربية للتنمية والثقافة/الجابر،زكي معد ومشرف/المتولي،ثريا معده ومشرفه, author 15782, التعليم عبر القمر الصناعي العربي:دليل إعداد البرامج،الأولويات والمعايير